| 000 | 00627nam a2200181 i 4500 | ||
|---|---|---|---|
| 001 | 190096 | ||
| 003 | ES-MaACL | ||
| 005 | 20230906223636.0 | ||
| 008 | 200728s1860 sp |||| | spa d | ||
| 080 | _a262.132 | ||
| 245 | 0 | 2 |
_a¡¡Ni rey ni Papa!! : _bcuestión de actualidad. |
| 260 |
_aMadrid : _b[s.n.], _c1860 ( _fImp. de las Escuelas Pías) |
||
| 300 |
_a53 p. ; _c23 cm. |
||
| 530 | _aDisponible en formato digital. | ||
| 650 | 4 |
_aPapas- _xPoder temporal. _9153316 |
|
| 852 | 4 |
_aES-MaACL _jT-55-F-7 |
|
| 856 | 4 |
_uhttps://hermes.bbtk.ull.es/pandora/cgi-bin/Pandora.exe?id=0000002737 _zPatrimonio Bibliográfico Lacunense |
|
| 999 |
_c190096 _d190096 |
||